000 01683nam a2200265 a 4500
001 ASIN0273628267
005 20170105102927.0
008 131212s1997 xxu eng d
020 _a0273628267 (paperback)
020 _a9780273628262 (paperback)
040 _a0
050 0 4 _aHD2741
082 0 4 _a658.4
_bKEN 1998
100 1 _aKendall, Nigel.
245 1 0 _aReal world corporate governance :
_ba programme for profit enhanced stewardship /
_cNigel Kendall, Arthur Kendall.
260 _a[S.l.] :
_bFinancial Times Prentice Hall,
_c1997.
300 _a320 p. ;
_c25 cm.
490 1 _aFinancial times series.
520 _aTake a proactive approach to corporate governance with this book, which takes the whole issue of ethical business and places it firmly in the realm of market reality - relating effective and implementable corporate governance to the bottom line. Written to become an oracle of best practice, it outlines clear, implementable structures and procedures to enable corporate decisions to be made, implemented and appropriately publicized Authors : Nigel Kendall is a Chartered Accountant. A partner at Kenski Partners Management Consultants, he works with senior executives on management and governance issues. His clients have included: BP, Agip Coal, Whittard of Chelsea and Wolff Olins. Arthur Kendall has set up his own company, Tanley International, to provide a personally crafted service for language and culture courses.
650 0 _aCorporate governance
700 1 _aKendall, Arthur.
830 0 _aFinancial times series.
856 4 0 _3Amazon.com
_uhttp://www.amazon.com/exec/obidos/ASIN/0273628267/chopaconline-20
942 _2ddc
_cBK
999 _c15883
_d15883